000
00238nam a2200109Ia 4500
008
190216s9999||||xx |||||||||||||| ||und||
100
_a
Dr.Mukundan N
245
0
_a
Gatha
260
_b
Vidyarthimithram
650
_a
Malayalam
942
_c
BK
999
_c
26270
_d
26270